000 00535nam a2200229Ia 4500
003 OSt
005 20220926044433.0
006 a|||||r|||| 00| 0
007 ta
008 220923b |||||||| |||| 00| 0 eng d
037 _cGeneral Book
040 _aRTL
_cRTL
_beng
041 _2eng
_aeng
082 _aX65n21:N36, H3
110 _aMadras
245 0 _aInvestors encyclopaedia
250 _a80
260 _c1943
700 _aMadras
942 _hX65n21:N36, H3
_cGB
_2CC
999 _c674889
_d674889